| 000 | 00756cam a2200205 i 4500 | ||
|---|---|---|---|
| 005 | 20251203105833.0 | ||
| 008 | 250721s2001 xx 000 0 ara d | ||
| 082 | 1 | 4 |
_a214.2 _bب ط ح |
| 100 | 1 |
_aالبطحيش، مصطفى بن عبد الجواد _eمؤلف. |
|
| 245 | 1 | 0 |
_aكيف تضمن الجنة و تنجو من الفتن و العذاب / _cتاليف مصطفى بن عبد الجواد البطحيش. |
| 250 | _aالطبعه الثانيه. | ||
| 264 | 3 | 1 |
_aدمشق : _bدار المعرافة الجامعية، _c2001. |
| 300 | _a320 صفحه. | ||
| 650 | 1 | 7 | _aالجنة. |
| 650 | 1 | 7 | _aجهنم. |
| 650 | 1 | 7 | _aالإسلام. |
| 650 | 1 | 7 | _aالعقيدة الدينية. |
| 942 |
_2ddc _cBK |
||
| 999 |
_c29723 _d29723 |
||